Records de l'équipe de France de football. - Statistiques

Statistiques générales
  • Ce quiz a été pris 4 262 fois
    144 depuis la dernière actualisation
  • Le résultat moyen est 11 sur 13
Statistiques - réponses
Réponses % Correct
2 Championnats d'Europe
97%
2 Coupes de monde
97%
Olivier Giroud
97%
Didier Deschamps
93%
Hugo Lloris
93%
Kylian Mbappé
91%
Gibraltar
86%
Belgique
83%
Just Fontaine
83%
12 défaites
79%
14 victoires
75%
Michel Platini
75%
Danemark
37%
Aucun quiz correspondant
Distribution des résultats
% des personnes avec chaque résultat
Percentile par nombre de réponses
Votre historique - résultats
Vous n’avez pas pris ce quiz depuis la dernière actualisation